House prices up 0.2% on strength of London market (Record no. 114282)
[ view plain ]
| 000 -LEADER | |
|---|---|
| fixed length control field | 01141cad a22002055a 4500 |
| 001 - CONTROL NUMBER | |
| control field | L156507 |
| 008 - FIXED-LENGTH DATA ELEMENTS--GENERAL INFORMATION | |
| fixed length control field | 120530e20120530xxk f 000 0 eng d |
| 035 ## - SYSTEM CONTROL NUMBER | |
| System control number | (Sirsi) u156507 |
| 041 0# - LANGUAGE CODE | |
| Language code of text/sound track or separate title | eng |
| 100 1# - MAIN ENTRY--PERSONAL NAME | |
| Personal name | Donnell, Richard |
| 245 00 - TITLE STATEMENT | |
| Title | House prices up 0.2% on strength of London market |
| Medium | [electronic resource] |
| 260 ## - PUBLICATION, DISTRIBUTION, ETC. | |
| Date of publication, distribution, etc. | 2012 |
| 490 #0 - SERIES STATEMENT | |
| Series statement | Hometrack Monthly National Housing Survey |
| Volume/sequential designation | 28 May 2012 |
| 520 ## - SUMMARY, ETC. | |
| Summary, etc. | House prices increased by 0.2% in May 2012. The headline figure was boosted by London which saw a 0.6% growth in prices. House prices in the South East and East Anglia grew by 0.1%, in all other regions they remained either static or fell. Increased mortgage rates and mounting concerns over the impact of the Eurozone on the UK's economic growth and employment are likely to keep demand and prices in check through 2012. |
| 590 ## - LOCAL NOTE (RLIN) | |
| Local note | KA |
| 651 #4 - SUBJECT ADDED ENTRY--GEOGRAPHIC NAME | |
| Geographic name | United Kingdom |
| Chronological subdivision | |
| 690 ## - LOCAL SUBJECT ADDED ENTRY--TOPICAL TERM (OCLC, RLIN) | |
| Topical term or geographic name as entry element | Residential property |
| 9 (RLIN) | 6266 |
| 856 40 - ELECTRONIC LOCATION AND ACCESS | |
| Uniform Resource Identifier | <a href="https://www.hometrack.co.uk/our-insight/monthly-national-house-price-survey/house-prices-up-02-on-strength-of-london-market">https://www.hometrack.co.uk/our-insight/monthly-national-house-price-survey/house-prices-up-02-on-strength-of-london-market</a> |
| Public note | View this item free of charge at www.hometrack.co.uk |
| 942 ## - ADDED ENTRY ELEMENTS (KOHA) | |
| Suppress in OPAC | 0 |
| Withdrawn status | Lost status | Source of classification or shelving scheme | Damaged status | Not for loan | Home library | Current library | Shelving location | Date acquired | Total Checkouts | Full call number | Barcode | Date last seen | Copy number | Price effective from | Koha item type |
|---|---|---|---|---|---|---|---|---|---|---|---|---|---|---|---|
| Dewey Decimal Classification | Virtual | Virtual | Online | 30/05/2012 | ONLINE PUBLICATION | 156507-2001 | 06/08/2019 | 1 | 06/08/2019 | Book |